| 000 | 01742nam a22003017a 4500 | ||
|---|---|---|---|
| 008 | 160803s2007 xxu||||| |||| 00| 0 eng d | ||
| 020 | _a978089090 | ||
| 082 | 0 | 4 |
_a708 _bO881b |
| 100 |
_aOiticica, Hélio. _95372 |
||
| 245 | 1 | 4 |
_aThe body of color / _cHélio Oiticica ; curado por Mari Carmen Ramírez ; textos por Luciano Figueiredo y Wynne H. Phelan ; The Museum of Fine Arts. |
| 250 | _a1a ed. | ||
| 260 |
_aHouston, Estados Unidos : _bThe Museum of Fine Arts, _c2007. |
||
| 300 |
_a416 p. _bil. col. |
||
| 500 | _aCatálogo publicado en conjunto con la exhibición "Hélio Oiticica: The Body of Color", organizada por The Museum of Fine Arts en Huston, del 10 de diciembre dek 2006 al 1 de abril del 2007, con colaboración de Projeto Hélio Oiticica y avalado por el Ministerio de Cultura de Brasil. | ||
| 505 | 0 |
_tForewords. _tSponsor's statement. _tHélio double-edged challenge _rMari Carmen Ramírez. _tThe embodiment of color- "From the inside out" _rMari Carmen Ramírez. _tTo bestow a sense of light: Hélio Oiticica's experimental process _rWynne H. Phelan. _t"The world is the museum": appropriation and transformation in the work of Hélio Oiticica _rLuciano Figueiredo. _tLiving documents and works: Oiticica's ideas on color. _tChronology. _tChecklist of the exhibition. _tIndex. _tAcknowledgments. |
|
| 653 | 1 | 0 | _aArte contemporáneo |
| 653 | 1 | 0 | _aExhibiciones |
| 653 | 1 | 0 | _aCatálogo de exhibición |
| 653 | 1 | 0 | _aInstalaciones |
| 653 | 1 | 0 | _aArte - Brasil |
| 653 | 1 | 0 | _aArte - Siglo XX |
| 653 | 1 | 0 | _aTroipicalismo |
| 653 | 1 | 0 | _aNeoconcretismo |
| 700 | 1 |
_aFigueiredo, Luciano. _95373 |
|
| 700 | 1 |
_aPhelan, Wynne H. _95374 |
|
| 700 | 1 |
_aRamírez, Mari Carmen. _ecuradora. _91764 |
|
| 710 | 1 |
_aThe Museum of Fine Arts. _95375 |
|
| 999 |
_c997 _d997 |
||